| 000 | 00889cam a2200277 4500 | ||
|---|---|---|---|
| 001 | J2935 | ||
| 008 | 090401t1995 xxu||||| |||| 00| 0 eng d | ||
| 035 | _a(Sirsi) u52049 | ||
| 041 | _aeng | ||
| 050 | _a692.8 | ||
| 110 |
_aNational Joint Consultative Committee _9997 |
||
| 245 | 4 | _aThe Construction (Design and Management) Regulations 1994 (SI 1994 No. 3140) | |
| 260 |
_aLondon _bNJCC _c1995 |
||
| 300 | _a1 sheet ; 30cm. | ||
| 350 | _a1.5 | ||
| 490 |
_aNJCC Procedure Note _v20 |
||
| 520 | _aFiled in NJCC Procedure Notes folder. | ||
| 650 | _aBUILT ENVIRONMENT-BUILDING CONTRACT FORMS | ||
| 650 | _aCONSTRUCTION (DESIGN AND MANAGEMENT) REGULATIONS 1994 | ||
| 650 | _aCONDAM REGULATIONS | ||
| 650 | _aCONSTRUCTION (DESIGN AND MANAGEMENT) REGULATIONS 1994 | ||
| 650 | _aTENDERING | ||
| 690 | _aBUILT ENVIRONMENT-BUILDING STANDARDS | ||
| 942 | _n0 | ||
| 948 | _c04/03/1997 | ||
| 999 |
_c92986 _d92986 |
||